A Teoria da Causa Madura no Processo do Trabalho Contribuiė̳s de magistrados da 4® Regiô (RS) /

Bibliographic Details
Main Author: Silveira Claus, Ben-Hur
Format: eBook
Language:Portuguese
Published: San Pablo: LTR, 2017
Subjects:
Online Access:Acceso restringido

MARC

LEADER 00000nam a22000007a 4500
005 2018050509009.0
007 cr|||| ||||
008 180505s2017 br |||||s|||| 00||0 por d
020 |a 978-85-361-9471-4 
035 |a 21589 
040 |a vLex 
090 |c 7916  |d 7916 
100 1 |a Silveira Claus, Ben-Hur 
245 1 1 |a A Teoria da Causa Madura no Processo do Trabalho  |h [Recurso electrn̤ico] :  |b Contribuiė̳s de magistrados da 4® Regiô (RS) /  |c Ben-Hur Silveira Claus 
256 |a Servicio en ln̕ea 
260 |a San Pablo:  |b LTR,  |c 2017 
300 |a 1 recurso electrn̤ico 
500 |a Uma das queste̳s mais polm̊icas acerca da aplicaȯ̂ da tčnica do recurso per saltum na jurisdiȯ̂ trabalhista est ̀em definir se o tribunal deve examinar os demais pedidos quando reforma a sentenȧ que declarou nô existir relaȯ̂ jurd̕ica de emprego, ou, se deve determinar, reconhecida a relaȯ̂ de emprego pelo tribunal, o retorno dos autos do processo ao juz̕o originr̀io para o juiz singular julgar os demais pedidos decorrentes do reconhecimento da relaȯ̂ jurd̕ica de emprego, cuja existn̊cia a sentenȧ negara. Noutras palavras, trata-se de saber se a tčnica do salto de um grau de jurisdiȯ̂ aplica-se ̉hipt̤ese em que o tribunal, reformando a sentenȧ, declara a existn̊cia da relaȯ̂ de emprego que nô fora reconhecida no primeiro grau de jurisdiȯ̂. Ben-Hur Silveira Claus Mestre em Direito (UNISINOS). Professor da Escola Judicial do Tribunal Regional do Trabalho da 4® Regiô. Professor da Fundaȯ̂ Escola da Magistratura do Trabalho do RS (FEMARGS). Juiz do Trabalho do TRT da 4® Regiô (RS) 
506 1 |a Disponible solo en los productos indicados  |d vLex Global  |d vLex Global (Academic Edition, excluding Law Schools)  |d vLex Global (U.S. Academic Edition, Law Schools)  |d vLex Global (U.S. Academic Edition, excluding Law Schools)  |d vLex Global (Academic Edition, Law Schools) 
650 0 4 |a Derecho Laboral y Seguridad Social  |z Brasil 
650 0 4 |a Derecho Procesal  |z Brasil 
650 0 4 |a Procedimiento Laboral  |z Brasil 
650 0 4 |a Procedimiento Civil  |z Brasil 
740 0 |a vLex Libros (Servicio en ln̕ea) 
856 4 0 |u http://vlex.com/source/teoria-da-causa-madura-no-processo-do-trabalho-contribui-es-de-magistrados-da-4-regi-o-rs--21589  |z Acceso restringido 
942 |c BOOK 
999 0 |a Labor Law and Social Security 
999 0 |a Procedural Law 
999 0 |a Labor Procedure 
999 0 |a Civil Procedure